000 00755nam a2200193 i 4500
001 122172
003 ES-MaACL
005 20230906191925.0
007 t|
008 070214s1969 sp |||| | spa d
100 1 _aPrieto Cantero, Amalia.
_993917
245 1 0 _aCasa y descargos de los Reyes Católicos
_b: catálogo XXIV del Archivo General de Simancas /
_cAmalia Prieto Cantero.
260 _aValladolid :
_bInstituto "Isabel la Católica" de Historia Eclesiástica,
_c1969.
300 _a679 p. ;
_c24 cm.
610 2 4 _aArchivo General de Simancas.
_91439
651 _aEspaña-
_xHistoria-
_y1474-1516, Reyes Católicos-
_vFuentes.
_98223
710 2 _aInstituto "Isabel la Católica" de Historia Eclesiástica.
_95102
852 _aES-MaACL
_jC-37967
999 _c122172
_d122172